书目信息 |
| 题名: |
成长的“创意”
|
|
| 作者: | 何春秀 著 | |
| 分册: | ||
| 出版信息: | 上海 文汇出版社 2021.6 |
|
| 页数: | 226页 | |
| 开本: | 24cm | |
| 丛书名: | ||
| 单 册: | ||
| 中图分类: | G621.6 | |
| 科图分类: | ||
| 主题词: | 品德教育--教学研究--小学 | |
| 电子资源: | ||
| ISBN: | 978-7-5496-3520-7 | |
| 000 | 01190nam0 2200265 45 | |
| 001 | 012001001679 | |
| 005 | 20140821111024.0 | |
| 010 | @a978-7-5496-3520-7@dCNY88.00 | |
| 100 | @a20210622d2021 em y0chiy0110 ea | |
| 101 | 0 | @achi |
| 102 | @aCN@b310000 | |
| 105 | @aa z 000yy | |
| 106 | @ar | |
| 200 | 1 | @a成长的“创意”@Acheng chang de“ chuang yi”@e立德树人的51个“发现”@f何春秀著 |
| 210 | @a上海@c文汇出版社@d2021.6 | |
| 215 | @a226页@c照片@d24cm | |
| 300 | @a其他题名:立德树人的51个“发现” | |
| 314 | @a何春秀,上海市奉贤区洪庙小学校长,中学语文高级教师。1992年参加工作,2011年起,先后分获上海市“十大校园管理新星”、“奉贤区语文骨干教师”、“奉贤区语文学科名教师”、“奉贤区优秀骨干校长”、上海市教育系统 '三八'红旗手”、“奉贤区园丁奖”等。 | |
| 330 | @a本书站在立德树人微观落实机制、学生快乐成长全面发展的两个高度,围绕地域、时空、环境、事件等教育元素,对如何落实立德树人的根本任务作了理论和实践的深入探索,屡出独特、新颖的心得,频见真切、巧妙的实招,颇具学术风范。 | |
| 517 | 1 | @a立德树人的51个“发现” |
| 606 | 0 | @a品德教育@x教学研究@x小学 |
| 690 | @aG621.6@v5 | |
| 701 | 0 | @a何春秀@Ahe chun xiu@4著 |
| 801 | @aCN@bAHXH@c20210922 | |
| 905 | @b1249155-9@dG621.6@e1443@f5 | |
| 成长的“创意”:立德树人的51个“发现”/何春秀著.-上海:文汇出版社,2021.6 |
| 226页:照片;24cm |
| 其他题名:立德树人的51个“发现” |
| ISBN 978-7-5496-3520-7:CNY88.00 |
| 本书站在立德树人微观落实机制、学生快乐成长全面发展的两个高度,围绕地域、时空、环境、事件等教育元素,对如何落实立德树人的根本任务作了理论和实践的深入探索,屡出独特、新颖的心得,频见真切、巧妙的实招,颇具学术风范。 |
| ● |
| 相关链接 |
|
|
|
|
正题名:成长的"创意"
索取号:G621.6/1443
 
预约/预借
| 序号 | 登录号 | 条形码 | 馆藏地/架位号 | 状态 | 备注 |
| 1 | 1249155 | 212491551 | 第一样本阅览室/ [索取号:G621.6/1443] | 在馆 | |
| 2 | 1249156 | 212491560 | 教育系资料室/ [索取号:G621.6/1443] | 在馆 | |
| 3 | 1249157 | 212491579 | 教育系资料室/ [索取号:G621.6/1443] | 在馆 | |
| 4 | 1249158 | 212491588 | 第四借阅区/ [索取号:G621.6/1443] | 在馆 | |
| 5 | 1249159 | 212491597 | 第四借阅区/ [索取号:G621.6/1443] | 在馆 |